Statistics for Answers Contain "Foot"

Click here to take the quiz!

General Stats

  • This quiz has been taken 40 times
  • The average score is 11 of 17

Answer Stats

ClueAnswer% Correct
Called Soccer in the USFootball
100%
PodiatristFoot doctor
100%
Not wearing socks or shoesBarefoot
95%
SasquatchBigfoot
92%
Info on the bottom of a pageFootnote
92%
Fungal infection between toesAthlete's foot
82%
12 inches by 12 inchesSquare foot
82%
Raw, unedited, videoFootage
76%
Small uplands near big mountainsFoothills
76%
1984 Kevin Bacon filmFootloose
76%
Lucky animal partRabbit's foot
76%
Disease linked to cowsFoot-and-mouth
61%
King Tut birth defectClubfoot
55%
In business, pedetrian visitorsFoot traffic
39%
Unit of energy or torqueFoot-pound
11%
Onesie sleepwear that covers the feetFootie pajamas
8%
NATO name for Sukhoi SU-25 jetFrogfoot
3%

Score Distribution

Percentile by Number Answered

Percent of People with Each Score

Your Score History

You have not taken this quiz